Looking at animals in human history
Αποθηκεύτηκε σε:
| Άλλοι συγγραφείς: | , |
|---|---|
| Μορφή: | Βιβλίο |
| Γλώσσα: | English |
| Δημοσίευση: |
Oxford; New York :
Reakltion Books,
2007
|
| Θέματα: | |
| Ετικέτες: |
Προσθήκη ετικέτας
Δεν υπάρχουν, Καταχωρήστε ετικέτα πρώτοι!
|
MARC
| LEADER | 00000nam a2200000 i 4500 | ||
|---|---|---|---|
| 001 | 1/26339 | ||
| 008 | 130222s2007 eng d | ||
| 020 | |a 978-1-86189-334-5 | ||
| 035 | |l 10113814 | ||
| 040 | |a GR-MY-UA |b gre |e aacr | ||
| 041 | 0 | |a eng | |
| 082 | 0 | |a 179.3 |2 (22) | |
| 245 | 1 | 0 | |a Looking at animals in human history / |c Linda Kalof |
| 260 | |a Oxford; New York : |b Reakltion Books, |c 2007 | ||
| 300 | |a ix, 222 σ.; |c 22 εκ. | ||
| 504 | |a Περιλαμβάνει βιβλιογραφία (σ. [197]-210) και ευρετήριο | ||
| 650 | 0 | 0 | |a Animal welfare |x Moral and ethical aspects. |
| 650 | 0 | 0 | |a Animals |x Social aspects. |
| 650 | 0 | 0 | |a Human-animal relationships. |
| 650 | 0 | 0 | |a Animal rights. |
| 700 | 1 | |a Rihoux, Benoit |d 1965- |4 edt | |
| 700 | 1 | |a Ragin, Charles C. |4 edt | |
| 852 | |a INST |b LESVOS |e 20130222 |h 179.3 KAL |p 005100051780 |q 005100051780 |t BK |y 0 | ||
| 901 | |a BIBL1-2013-1 | ||
| 909 | |a Λ |b 177536 | ||
| 922 | |a 1ΕΛΗ |b 2012-10 |c ΤΜΗΜΑ ΠΕΡΙΒΑΛΛΟΝΤΟΣ |d ΙΩΑΝΝΙΔΟΥ | ||
| 970 | |a ΤΖΑΦΕΡΗ |b ΕΥΑΓΓΕΛΙΑ |z 2013/02/22 | ||